| 000 | 00697nam a2200229Ia 4500 | ||
|---|---|---|---|
| 999 |
_c4274 _d4274 |
||
| 001 | 15577 | ||
| 003 | GBCCL | ||
| 005 | 20241126110515.0 | ||
| 008 | 770321s1956 caua 000 0 eng d | ||
| 035 | _aOCM02821786 | ||
| 040 |
_aCDC _cCDC _dm/c _dLBB |
||
| 049 | _aLBBK | ||
| 082 |
_a222.1106 _bMCG |
||
| 092 | 0 |
_a222.11 _bM145, 1956 _220 |
|
| 100 | 1 |
_aMcGee, J. Vernon _q(John Vernon), _d1904- _98087 |
|
| 245 | 1 | 0 |
_aGoing through Genesis / _cby J. Vernon McGee. |
| 260 |
_aPasadena, Calif. : _bThru the Bible Radio, _c1956. |
||
| 300 |
_a79 p. : _bill. ; _c22 cm. |
||
| 630 | 0 | 0 |
_aBible. _pO.T. _pGenesis _xCriticism, interpretation, etc. _98088 |
| 650 | 0 |
_aSermons _xOutlines. _94260 |
|
| 942 |
_2ddc _cBK _04 |
||